Aproximaciones y polémicas al concepto de culturas juveniles /
সংরক্ষণ করুন:
| প্রধান লেখক: | |
|---|---|
| বিন্যাস: | পাঠ্য |
| বিষয়গুলি: | |
| ট্যাগগুলো: |
ট্যাগ যুক্ত করুন
কোনো ট্যাগ নেই, প্রথমজন হিসাবে ট্যাগ করুন!
|
MARC
| LEADER | 00000 a a2200000 04500 | ||
|---|---|---|---|
| 001 | 11945 | ||
| 003 | |||
| 040 | |||
| 100 | |a Restrepo Parra, Adrián | ||
| 245 | |a Aproximaciones y polémicas al concepto de culturas juveniles / |c Adrián Restrepo Parra | ||
| 650 | |a JUVENTUD | ||
| 650 | |a IDENTIDAD CULTURAL | ||
| 650 | |a ESTILOS DE VIDA | ||
| 650 | |a COMPORTAMIENTO SOCIAL | ||
| 773 | |g número 93; páginas 5-13 | ||
| 999 | |c 24706 |d 24706 | ||
| 773 | 0 | |0 41641 |9 2528 |a Departamento Ecuménico de Investigaciones (DEI) |d San José, Costa Rica Departamento Ecuménico de Investigaciones (DEI) |o 20168 |t Pasos / | |
